Historia del Perú bajo la dinastía austríaca, 1542-1598

Sparad:
Bibliografiska uppgifter
Huvudupphovsman: Lorente, Sebastián (autor)
Materialtyp: Bok
Språk:spanska
Publicerad: París Auguste Bouret 1863
Upplaga:1a. ed
Ämnen:
Taggar: Lägg till en tagg
Inga taggar, Lägg till första taggen!

MARC

LEADER 00000nam a2200000 a 4500
001 UCJ6351
003 CL-VaPUC
008 070124e18630000FR |||||||||||||||||spa|d
082 0 4 |a 985  |b LOR  |2 21 
100 |a Lorente, Sebastián  |e autor  |9 538054 
245 1 0 |a Historia del Perú bajo la dinastía austríaca, 1542-1598 
250 |a 1a. ed 
300 |a 386 p 
942 |c BK 
945 |d 20070124 00:00:00  |a rinostro 
260 |a París  |b Auguste Bouret  |c 1863 
500 |a Palau registra una edición de 1863 en dos volúmenes 
600 0 |a Pizarro, Gonzalo  |9 332702 
600 0 7 |a GIRON, FRANCISCO  |2 CL-VaPUC  |9 512911 
600 0 7 |a HURTADO DE MENDOZA, ANDRES  |2 CL-VaPUC  |9 508452 
600 0 7 |a FELIPE II DE ESPAÑA  |2 CL-VaPUC  |9 316354 
650 7 |a DESCUBRIMIENTO  |2 CL-VaPUC  |9 321428 
650 0 |a Conquista  |9 339504 
650 0 |a Colonización  |9 265172 
650 7 |a INCAS  |2 CL-VaPUC  |9 256565 
650 7 |a GUERRAS CIVILES  |2 CL-VaPUC  |9 361938 
651 0 |a Perú  |9 256567 
651 7 |a CHARCAS  |2 CL-VaPUC  |9 381657 
583 |a last modification  |c 20130618 10:33:44  |k Rodrigo Vera 
999 |c 322459  |d 322457 
952 |0 0  |1 0  |4 0  |6 985_000000000000000_LOR_1863  |7 0  |8 X  |9 401456  |a FDOBUD  |b FDOBUD  |d 2019-11-22  |i 1046950  |o 985 LOR 1863  |p 1046950  |r 2019-11-22  |w 2019-11-22  |y BK_X  |k BUD